| 000 | 00551nam a22001937a 4500 | ||
|---|---|---|---|
| 003 | 0 | ||
| 005 | 20240417095435.0 | ||
| 008 | 240417b xxu||||| |||| 00| 0 eng d | ||
| 010 | _a978-1-912464-08-1 | ||
| 050 |
_aCL _bAus933 2018 |
||
| 082 |
_aCL _bAus933 2018 |
||
| 100 | _aAusten, Jane | ||
| 245 |
_aEmma _cJane Austen ; Retold by Gill Tavner |
||
| 260 |
_aBerkshire, UK _bBaker Street Press _cc2018. |
||
| 300 |
_a63 pages : _bcolored illustrations ; _c20cm. |
||
| 650 | _aEmma--Jane Austen. | ||
| 650 | _aEnglish Ficiton. | ||
| 942 |
_2ddc _cBK |
||
| 999 |
_c365940 _d365940 |
||